Обрезка плодовых культур (Запись № 1078528)

Подробности
000 -МАРКЕР
контрольное поле 01747nam0a2200337 4500
001 - ИДЕНТИФИКАТОР ЗАПИСИ
контрольное поле RU\NLR\bibl\492494
005 - ИДЕНТИФИКАТОР ВЕРСИИ
контрольное поле 20260407095221.0
021 ## - НОМЕР ГОСУДАРСТВЕННОЙ РЕГИСТРАЦИИ
Код страны Российская Федерация
Номер 2003-74487
Номер Листа государственной регистраци 3685
035 ## - ДРУГИЕ СИСТЕМНЫЕ НОМЕРА
Идентификатор записи (NLR Aleph) 000485161
100 ## - ДАННЫЕ ОБЩЕЙ ОБРАБОТКИ
Данные общей обработки 20040218d2003 |||y0rusy50 ca
101 0# - ЯЗЫК РЕСУРСА
Язык текста, звукозаписи и т.д. русский
102 ## - СТРАНА ПУБЛИКАЦИИ ИЛИ ПРОИЗВОДСТВА
Страна публикации Российская Федерация
105 ## - ПОЛЕ КОДИРОВАННЫХ ДАННЫХ: ТЕКСТОВЫЕ МАТЕРИАЛЫ, МОНОГРАФИЧЕСКИЕ
Кодированные данные о монографическом текстовом документе a |||||||||
200 1# - ЗАГЛАВИЕ И СВЕДЕНИЯ ОБ ОТВЕТСТВЕННОСТИ
Основное заглавие Обрезка плодовых культур
Сведения, относящиеся к заглавию Метод. указания
Первые сведения об ответственности М-во сел. хоз-ва Рос. Федерации, Моск. с.-х. акад. им. К.А. Тимирязева. Каф. плодоводства
Последующие сведения об ответственности [Подгот. доц. Попов А.Е. и Ханжиян И.И.]
210 ## - ПУБЛИКАЦИЯ, РАСПРОСТРАНЕНИЕ И ДР.
Место издания, распространения и т.д. М.
Имя издателя, распространителя и т. д. Изд-во МСХА
Дата издания, распространения и т.д. 2003
215 ## - ФИЗИЧЕСКАЯ ХАРАКТЕРИСТИКА
Специфическое обозначение материала и объем 34, [1] с.
Другие сведения о физической характеристике ил.
Размеры 20
320 ## - ПРИМЕЧАНИЯ О НАЛИЧИИ В ДОКУМЕНТЕ БИБЛИОГРАФИИ / УКАЗАТЕЛЯ
Текст примечания Библиогр.: с. 34 (5 назв.)
606 0# - НАИМЕНОВАНИЕ ТЕМЫ КАК ПРЕДМЕТ
Наименование темы Плодовые деревья
Формальный подзаголовок Методические пособия
Тематический подзаголовок Обрезка и формирование
Системный номер авторитетной/нормативной записи 1016213
Идентификатор авторитетной/нормативной записи RU\NLR\auth\66387639
606 0# - НАИМЕНОВАНИЕ ТЕМЫ КАК ПРЕДМЕТ
Наименование темы Ягодные кусты
Формальный подзаголовок Методические пособия
Тематический подзаголовок Обрезка и формирование
Системный номер авторитетной/нормативной записи 2031932
Идентификатор авторитетной/нормативной записи RU\NLR\auth\661220351
686 ## - ИНДЕКСЫ ДРУГИХ КЛАССИФИКАЦИЙ
Индекс П255-468.10я8
686 ## - ИНДЕКСЫ ДРУГИХ КЛАССИФИКАЦИЙ
Индекс П256-468.10я8
686 ## - ИНДЕКСЫ ДРУГИХ КЛАССИФИКАЦИЙ
Индекс П258-468.10я8
702 #1 - ИМЯ ЛИЦА - ВТОРИЧНАЯ ОТВЕТСТВЕННОСТЬ
Код отношения Составитель
Начальный элемент ввода Попов
Часть имени, кроме начального элемента ввода А. Е.
Дополнения к именам, кроме дат канд. с.-х. наук, плодоводство
Расширение инициалов личного имени Александр Евгеньевич
Идентификатор авторитетной/нормативной записи RU\NLR\auth\7745144
Системный номер авторитетной/нормативной записи 28083
712 02 - НАИМЕНОВАНИЕ ОРГАНИЗАЦИИ - ВТОРИЧНАЯ ОТВЕТСТВЕННОСТЬ
Код отношения Прочие
Начальный элемент ввода Московская сельскохозяйственная академия им. К. А. Тимирязева
Структурное подразделение Кафедра плодоводства
Идентификатор авторитетной/нормативной записи RU\NLR\AUTH\8810053128
Системный номер авторитетной/нормативной записи 606673
801 #0 - ИСТОЧНИК ЗАПИСИ
Страна Российская Федерация
Организация NLR
Дата составления 20040218
Правила каталогизации PSBO
801 #1 - ИСТОЧНИК ЗАПИСИ
Страна Российская Федерация
Организация NLR
Дата составления 20040218
942 ## - ДОПОЛНИТЕЛЬНЫЕ ЭЛЕМЕНТЫ ЗАПИСИ (АБИС)
Тип экземпляра АБИС Книга
980 ## - КОЛЛЕКЦИЯ
Название коллекции Национальная библиография
Экземпляры
Тип экземпляра Дата поступления Источник поступления Библиотека постоянного хранения Библиотека текущего хранения Место хранения Шифр хранения Штрих-код Статус экземпляра
Книга 18.02.2004 Обязательный экземпляр РНБ (Московский) РНБ (Московский) Русский книжный фонд: издания с 1957 года 2004-4/3983 639215